| 000 | 00424nam a22001697a 4500 | ||
|---|---|---|---|
| 005 | 20160525125040.0 | ||
| 008 | 160525b xxu||||| |||| 00| 0 eng d | ||
| 020 | _a978-81-272-4016-5 | ||
| 041 | _aeng | ||
| 082 | _b4894 | ||
| 100 |
_aGupta, Shashi K & Aggarwal, Nisha _91240 |
||
| 245 | _aFinancial Services | ||
| 260 |
_aNew Delhi _bAcademic Faundation |
||
| 300 | _a19.48 | ||
| 650 |
_aManagement _9241 |
||
| 942 | _cBK | ||
| 999 |
_c1706 _d1705 |
||